[Event "Pawns-Case"]
[Site "?"]
[Date "2001.10.23"]
[Round "?"]
[White "Mikulecky, Bob"]
[Black "Zoellner, John"]
[Result "1/2-1/2"]
[WhiteElo "1503"]
[BlackElo "1424"]
[PlyCount "89"]
[EventDate "2001.??.??"]

1. e4 d6 2. d4 Nf6 3. Nc3 a6 4. Nf3 g6 5. Bc4 Bg7 6. h3 b5 7. Bd3 Bb7 8. Qe2
Nfd7 9. a3 c5 10. Qe3 c4 11. Be2 Nc6 12. b3 Nb6 13. O-O O-O 14. Rd1 Qc7 15. Nd5
Qd8 16. Bb2 Re8 17. Rab1 Rc8 18. a4 e6 19. Nf4 Bh6 20. g3 Qc7 21. bxc4 bxc4 22.
Qc3 d5 23. e5 Nxa4 24. Qe3 Ne7 25. c3 Nf5 26. Qc1 Nb6 27. g4 Ng7 28. Nxe6 Bxc1
29. Nxc7 Rxc7 30. Bxc1 Nd7 31. Bf4 Ne6 32. Bg3 Ba8 33. Rd2 Rb7 34. Rxb7 Bxb7
35. Rb2 Ba8 36. Bd1 Bc6 37. Nd2 Bb5 38. h4 Bc6 39. f4 h5 40. Nb1 Rb8 41. Rxb8+
Nxb8 42. Na3 Nd7 43. f5 gxf5 44. gxf5 Nd8 45. Nb1 1/2-1/2

[Event "Case-Pawns"]
[Site "?"]
[Date "2001.10.23"]
[Round "?"]
[White "Kanas, Bill"]
[Black "O'Dell, Dave"]
[Result "0-1"]
[WhiteElo "1299"]
[BlackElo "1445"]
[PlyCount "55"]
[EventDate "2001.??.??"]

1. d4 d5 2. c4 e6 3. Nf3 Nf6 4. a3 c5 5. e3 Be7 6. Nc3 Nc6 7. cxd5 Nxd5 8. Bb5
Nxc3 9. bxc3 O-O 10. O-O Na5 11. Qc2 a6 12. Bd3 g6 13. Ne5 Kg7 14. Ng4 c4 15.
Be2 b5 16. e4 Bg5 17. f4 Nb3 18. Be3 Nxa1 19. Rxa1 Be7 20. e5 f5 21. exf6+ Bxf6
22. Qe4 Bd7 23. Rf1 Ra7 24. d5 exd5 25. Qxd5 Bxg4 26. Qxd8 Rxd8 27. Bxg4 Re7
28. Bd4 {Rest of score missing. White resigned on move 45.} 0-1

[Event "Dragons-Tyros"]
[Site "Lucent"]
[Date "2001.11.06"]
[Round "3"]
[White "Diaz"]
[Black "Ludwig"]
[Result "1/2-1/2"]
[WhiteElo "1989"]
[BlackElo "1996"]
[PlyCount "73"]
[EventDate "2001.11.06"]

1. Nc3 c5 2. e4 Nc6 3. f4 e6 4. Nf3 Nf6 5. e5 Nd5 6. Nxd5 exd5 7. d4 d6 8. c4
cxd4 9. Nxd4 dxe5 10. Nxc6 bxc6 11. cxd5 Qxd5 12. Qxd5 cxd5 13. fxe5 Rb8 14.
Bd3 Bb4+ 15. Kf2 Bc5+ 16. Kf3 O-O 17. Rf1 f6 18. exf6 Rxf6+ 19. Ke2 Bg4+ 20.
Kd2 Bb4+ 21. Ke3 Bc5+ 22. Kd2 Bb4+ 23. Ke3 Re6+ 24. Kd4 Be7 25. Bf5 Bf6+ 26.
Kc5 Rc8+ 27. Kb4 Be7+ 28. Ka5 Rc5+ 29. Ka4 Ra6+ 30. Kb3 Rb6+ 31. Ka4 Rc4+ 32.
Ka5 Bb4+ 33. Ka4 Bd2+ 34. Ka3 Bb4+ 35. Ka4 Bc5+ 36. Ka5 Bb4+ 37. Ka4 1/2-1/2

[Event "Dragons-Tyros"]
[Site "Lucent"]
[Date "2001.11.06"]
[Round "3"]
[White "Karpierz"]
[Black "Salerno"]
[Result "1/2-1/2"]
[WhiteElo "1266"]
[BlackElo "1297"]
[PlyCount "50"]
[EventDate "2001.11.06"]

1. d4 Nf6 2. c4 e6 3. Nf3 d5 4. cxd5 Qxd5 5. Nc3 Bb4 6. Bd2 Bxc3 7. Bxc3 O-O 8.
e3 Rd8 9. b3 c5 10. Bc4 Qf5 11. Qe2 Ne4 12. Bb2 cxd4 13. Bxd4 Qa5+ 14. Kf1 Nd7
15. Rc1 Ndf6 16. g3 Ng4 17. Kg2 b6 18. h3 Bb7 19. hxg4 Ng5 20. Qb2 Nxf3 21. Rh5
Nd2+ 22. Kh3 Nxc4 23. Rxc4 Qe1 24. Rc1 Qb4 25. Bxg7 Qe4 1/2-1/2

[Event "Dragons-Tyros"]
[Site "Lucent"]
[Date "2001.11.07"]
[Round "3"]
[White "Stoltz"]
[Black "Altshuller"]
[Result "0-1"]
[WhiteElo "1883"]
[BlackElo "1769"]
[PlyCount "78"]
[EventDate "2001.11.06"]

1. d4 f5 2. Nf3 Nf6 3. g3 g6 4. Bg2 Bg7 5. c4 O-O 6. O-O d6 7. Nc3 Qe8 8. b3 e5
9. dxe5 dxe5 10. Ba3 Rf7 11. Qc1 Nc6 12. e3 Be6 13. Ng5 {Rf7  Nxe6  Qxe6} 13...
Rd7 14. Nxe6 Qxe6 15. Nd5 e4 16. Bb2 Nxd5 17. Bxg7 Kxg7 18. cxd5 Rxd5 19. Rd1
Rad8 20. Rxd5 Rxd5 21. Bf1 Qe5 22. Rb1 Nb4 23. Qa3 a5 24. Qb2 Qxb2 25. Rxb2 b5
26. a3 Nd3 27. Rc2 c5 28. Rc3 Kf6 29. h4 Ke5 30. Be2 Kd6 31. Kf1 Kc6 32. f3 Ne5
33. a4 b4 34. fxe4 bxc3 35. exd5+ Kxd5 36. Bd1 c4 37. bxc4+ Kxc4 38. Bc2 Nd3
39. Ke2 Nb4 0-1

[Event "Dragons-Tyros"]
[Site "Lucent"]
[Date "2001.11.07"]
[Round "3"]
[White "Eustace"]
[Black "Hahne"]
[Result "0-1"]
[WhiteElo "1550"]
[BlackElo "1659"]
[PlyCount "52"]
[EventDate "2001.11.06"]

1. e4 e6 2. d4 d5 3. exd5 exd5 4. Nf3 Bg4 5. Be2 Nf6 6. O-O Be7 7. Bf4 O-O 8.
Nbd2 Bd6 9. Bxd6 Qxd6 10. Ne5 Bxe2 11. Qxe2 Re8 12. Ndf3 Nc6 13. c3 Nd7 14. Qb5
Ndxe5 15. Nxe5 Nxe5 16. dxe5 Qxe5 17. Qxb7 Rab8 18. Qxa7 {Rxa2} 18... Rxb2 19.
Qd4 Qxd4 20. cxd4 Ree2 21. a3 Kf8 22. g3 Ra2 23. h4 Rxf2 24. Rac1 Rg2+ 25. Kh1
Rh2+ 26. Kg1 Rag2# 0-1

[Event "Dragons-Tyros"]
[Site "Lucent"]
[Date "2001.11.08"]
[Round "3"]
[White "Tegel"]
[Black "Guio"]
[Result "1/2-1/2"]
[WhiteElo "2077"]
[BlackElo "1942"]
[PlyCount "83"]
[EventDate "2001.11.06"]

1. c4 e5 2. Nc3 Nc6 3. g3 f5 4. Bg2 Nf6 5. d3 Bc5 6. Nf3 O-O 7. a3 a5 8. e3 d6
9. O-O Bb6 10. b3 Qe8 11. Bb2 Qh5 12. Nd2 Qh6 13. Nd5 Nxd5 14. Bxd5+ Kh8 15.
Bc3 f4 16. b4 fxe3 17. fxe3 Bxe3+ 18. Kh1 Bh3 19. Bg2 Nd4 20. Ne4 Nf5 21. Qe2
c6 22. Bxh3 Qxh3 23. Rxf5 Rxf5 24. Qxe3 Raf8 25. Rg1 Rf3 26. Qe2 h6 27. Be1 d5
28. cxd5 cxd5 29. Nd2 R3f5 30. bxa5 Rc8 31. Rf1 Rxf1+ 32. Nxf1 e4 33. dxe4 dxe4
34. Kg1 Qe6 35. Bf2 Rc1 36. Bb6 Qd5 37. Qf2 Kg8 38. Qd4 Qf5 39. Qf2 Qb5 40. Be3
Rd1 41. Bb6 Qd3 42. Bc5 1/2-1/2

[Event "Aces-Citadel"]
[Site "?"]
[Date "2001.??.??"]
[Round "1"]
[White "Benesa, Arnulfo"]
[Black "Hayhurst, Lyle"]
[Result "1-0"]
[WhiteElo "2225"]
[BlackElo "1882"]
[PlyCount "41"]
[EventDate "2001.??.??"]

1. Nf3 c5 2. g3 Nf6 3. Bg2 Nc6 4. d4 cxd4 5. Nxd4 e5 6. Nxc6 bxc6 7. O-O d5 8.
c4 Be7 9. Nc3 Be6 10. Bg5 e4 11. Qa4 O-O 12. Rfd1 Qb6 13. Rab1 Rfe8 14. Bxf6
Bxf6 15. cxd5 cxd5 16. Nxd5 Bxd5 17. Rxd5 e3 18. f4 Red8 19. Rb5 Qd4 20. Qxd4
Bxd4 21. Bxa8 1-0

[Event "Wolverine-Aces"]
[Site "?"]
[Date "2001.11.15"]
[Round "?"]
[White "Volynsky"]
[Black "Benesa, Arnulfo"]
[Result "1-0"]
[WhiteElo "2529"]
[BlackElo "2225"]
[PlyCount "67"]
[EventDate "2001.??.??"]

1. e4 c5 2. Nf3 d6 3. c3 Nf6 4. d3 a6 5. Bg5 Nbd7 6. Nbd2 e6 7. d4 Qc7 8. Bd3
Be7 9. Qe2 b6 10. e5 dxe5 11. dxe5 Nd5 12. Bxe7 Nxe7 13. Nc4 Ng6 14. Nd6+ Ke7
15. Bxg6 hxg6 16. Ng5 Rf8 17. O-O-O Bb7 18. Rd2 Rad8 19. Rhd1 Bc6 20. f4 b5 21.
Qg4 f5 22. Qh4 Bd5 23. Ngf7+ Nf6 24. exf6+ gxf6 25. Nxd8 Kxd8 26. c4 bxc4 27.
Nxc4 Ke7 28. Rc2 Rf7 29. Qf2 Kf8 30. g3 Kg7 31. Qd2 Be4 32. Rc3 Qc6 33. Nd6 Bd5
34. Nxf7 1-0

[Event "Wolverine-Aces"]
[Site "?"]
[Date "2001.11.15"]
[Round "?"]
[White "Sagalovsky, L."]
[Black "Santiago, Tony"]
[Result "0-1"]
[WhiteElo "1989"]
[BlackElo "2026"]
[PlyCount "66"]
[EventDate "2001.??.??"]

1. e4 d6 2. d4 Nf6 3. Nc3 g6 4. Be3 Bg7 5. f3 O-O 6. Qd2 Nbd7 7. h4 c6 8. h5
Nxh5 9. Nge2 Re8 10. Bh6 Nf8 11. Bxg7 Nxg7 12. Qh6 Qa5 13. Nf4 Qb4 14. O-O-O e5
15. dxe5 dxe5 16. Nd3 Qe7 17. Nf2 b5 18. g4 f6 19. Be2 Nge6 20. Nh3 Nd4 21.
Rdg1 Be6 22. a3 a5 23. Bd1 b4 24. Nb1 bxa3 25. Nxa3 Reb8 26. c3 Rxb2 27. Kxb2
Rb8+ 28. Kc1 Qxa3+ 29. Kd2 Rb2+ 30. Kd3 c5 31. Qc1 c4+ 32. Ke3 Nb5 33. Nf2 Qc5#
0-1

[Event "Aces"]
[Site "?"]
[Date "2001.11.15"]
[Round "?"]
[White "Frank, Mark"]
[Black "Franek, Marty"]
[Result "1/2-1/2"]
[WhiteElo "1733"]
[BlackElo "1715"]
[PlyCount "67"]
[EventDate "2001.??.??"]

1. e4 e5 2. Nf3 Nf6 3. Bc4 Nxe4 4. Nxe5 d5 5. Qf3 Nf6 6. Bb3 Bc5 7. Nc3 c6 8.
O-O O-O 9. Re1 Re8 10. d3 Nbd7 11. Bf4 Nxe5 12. Bxe5 Ng4 13. d4 Nxe5 14. dxe5
Qg5 15. Ne4 Qe7 16. Nxc5 Qxc5 17. Re3 Be6 18. Qf4 d4 19. Bxe6 Rxe6 20. Rf3 Qe7
21. Qxd4 Rxe5 22. Kf1 Re8 23. Qc3 c5 24. Qd2 Rd5 25. Rd3 Rxd3 26. Qxd3 Qe5 27.
Qe3 Qxe3 28. fxe3 Rxe3 29. Rd1 Kf8 30. Rd7 Re7 31. Rd8+ Re8 32. Rd7 Re7 33.
Rd8+ Re8 34. Rd7 1/2-1/2

[Event "Rooks-Fermi"]
[Site "?"]
[Date "2001.??.??"]
[Round "?"]
[White "Suarez, E."]
[Black "Gomez, Gerrasio"]
[Result "0-1"]
[WhiteElo "1831"]
[BlackElo "1698"]
[PlyCount "84"]
[EventDate "2001.??.??"]

1. d4 d5 2. c4 e6 3. Nc3 Nf6 4. Bg5 Nbd7 5. Nf3 c6 6. e3 Be7 7. Bd3 dxc4 8.
Bxc4 h6 9. Bh4 O-O 10. O-O Nb6 11. Bd3 Nbd5 12. a3 Bd7 13. Qc2 Rc8 14. Rfd1 c5
15. Nxd5 Nxd5 16. Bxe7 Qxe7 17. Qe2 cxd4 18. Nxd4 a6 19. Rac1 Rfd8 20. Qe1 Rxc1
21. Rxc1 Rc8 22. Be4 Qd8 23. Qd2 Rc7 24. Ne2 Qc8 25. Rxc7 Qxc7 26. Bxd5 exd5
27. Nc3 Bc6 28. Qd4 Qd7 29. h3 Qe6 30. Na4 Bxa4 31. Qxa4 Qc6 32. Qd1 b5 33. Qd2
Qc4 34. Qd1 Kf8 35. b3 Qc6 36. e4 dxe4 37. Qd8+ Qe8 38. Qd6+ Kg8 39. Qxa6 e3
40. Qa5 e2 41. Qe1 Qe4 42. f3 Qd4+ 0-1

[Event "Rooks-Fermi"]
[Site "?"]
[Date "2001.??.??"]
[Round "?"]
[White "Yacout, A."]
[Black "Ailes, T."]
[Result "0-1"]
[WhiteElo "1549"]
[BlackElo "1527"]
[PlyCount "54"]
[EventDate "2001.??.??"]

1. d4 Nf6 2. c4 c5 3. e3 cxd4 4. exd4 g6 5. Nc3 Bg7 6. Bd3 Nc6 7. Nf3 O-O 8.
O-O d6 9. Qb3 Re8 10. Be3 Bd7 11. Ng5 e6 12. f4 Ng4 13. d5 Na5 14. Qb4 Nxe3 15.
Rfe1 Bd4 16. Kh1 Bc5 17. dxe6 fxe6 18. Rxe3 Bxb4 19. Rh3 Bxc3 20. bxc3 Re7 21.
Re1 e5 22. Rhe3 Nc6 23. h4 Bf5 24. Bxf5 gxf5 25. Rg3 Kh8 26. fxe5 dxe5 27. Kh2
h6 0-1

[Event "Fermi-Rooks"]
[Site "?"]
[Date "2001.??.??"]
[Round "?"]
[White "Schultz, R."]
[Black "Butler, E."]
[Result "0-1"]
[WhiteElo "1241"]
[BlackElo "1310"]
[PlyCount "74"]
[EventDate "2001.??.??"]

1. e4 c5 2. Nc3 d6 3. f4 Nc6 4. Nf3 a6 5. d4 cxd4 6. Nxd4 Qc7 7. Be2 e6 8. O-O
Nf6 9. Be3 Be7 10. f5 Nxd4 11. Bxd4 O-O 12. Bd3 b5 13. a3 Bb7 14. Rf3 Ng4 15.
Rh3 e5 16. Qxg4 exd4 17. Ne2 Bf6 18. Nf4 Qe7 19. Nh5 Rae8 20. Rf1 Kh8 21. Nxf6
Qxf6 22. Qh5 h6 23. Qf3 Re5 24. Qg4 Rfe8 25. Rf4 d5 26. exd5 Re1+ 27. Kf2 Bxd5
28. Rxd4 Bc4 29. Rf3 Bxd3 30. Rfxd3 R1e2+ 31. Kf3 Rxc2 32. Rd6 Qxb2 33. Rxh6+
gxh6 34. Qh5 Rf2+ 35. Kg4 Rxg2+ 36. Kf4 Qe5+ 37. Kf3 Qe4# 0-1

[Event "Knights-Excaliburs"]
[Site "?"]
[Date "2001.11.29"]
[Round "?"]
[White "Fridman, Yuri"]
[Black "Inumerable, Florin"]
[Result "0-1"]
[WhiteElo "2079"]
[BlackElo "2283"]
[PlyCount "68"]
[EventDate "2001.??.??"]

1. e4 g6 2. d4 Bg7 3. c4 c5 4. d5 d6 5. Nc3 Na6 6. Be2 Nc7 7. Nf3 Nf6 8. O-O
O-O 9. Bf4 a6 10. a4 Rb8 11. Ra3 Ng4 12. Nd2 Ne5 13. Be3 Bd7 14. a5 f5 15. exf5
gxf5 16. f4 Ng4 17. Bxg4 fxg4 18. Nde4 Qe8 19. Qd2 Qg6 20. Ng3 Rf7 21. Rb3 h5
22. Rb6 Bf5 23. Nxf5 Qxf5 24. Re1 Bh6 25. Bxc5 Na8 26. Be3 Nxb6 27. axb6 Bxf4
28. b4 Rbf8 29. Bxf4 Qxf4 30. Qxf4 Rxf4 31. Ne4 Rc8 32. c5 Rf5 33. c6 Rxd5 34.
cxb7 34... Rb8 {White resigned after 12 unrecorded moves} 0-1

[Event "Excaliburs-Knights"]
[Site "?"]
[Date "2001.11.29"]
[Round "?"]
[White "Friske, Tom"]
[Black "Thomson, Jim"]
[Result "1-0"]
[WhiteElo "1984"]
[BlackElo "1913"]
[PlyCount "59"]
[EventDate "2001.??.??"]

1. d4 d5 2. c4 e6 3. Nc3 Nf6 4. Bg5 Be7 5. e3 O-O 6. Nf3 Nbd7 7. cxd5 exd5 8.
Rc1 c6 9. Bd3 Ne4 10. Bxe7 Qxe7 11. O-O f5 12. Qe2 g5 13. Nd2 Ndf6 14. f3 Nxd2
15. Qxd2 h6 16. Rce1 Bd7 17. Qc2 Qe6 18. e4 fxe4 19. fxe4 Nxe4 20. Nxe4 Kg7 21.
Nc5 Qg4 22. Re7+ Kg8 23. Nxd7 Qxd4+ 24. Kh1 Qb4 25. Bh7+ Kh8 26. Nxf8 Qxe7 27.
Ng6+ Kxh7 28. Nxe7+ Kh8 29. Qg6 Rf8 30. Qxh6# 1-0

[Event "Knights-Excaliburs"]
[Site "?"]
[Date "2001.11.29"]
[Round "?"]
[White "Samelson, Chris"]
[Black "Sollano, Ely"]
[Result "1-0"]
[WhiteElo "1934"]
[BlackElo "1994"]
[PlyCount "120"]
[EventDate "2001.??.??"]

1. e4 c5 2. Nf3 e6 3. d4 cxd4 4. Nxd4 a6 5. Bc4 Nf6 6. Qe2 b5 7. Bb3 Bb7 8. Nd2
Bc5 9. N4f3 O-O 10. O-O d5 11. e5 Nfd7 12. c3 Nc6 13. Bc2 Re8 14. Nb3 Be7 15.
Nbd4 Nxd4 16. cxd4 Rc8 17. Qd3 Nf8 18. Bd2 Rc4 19. Bb3 Rc8 20. Rac1 Qb6 21.
Rxc8 Rxc8 22. Rc1 Rc6 23. Rxc6 Bxc6 24. Bc2 b4 25. Bb1 a5 26. b3 Bb5 27. Qe3
Qa6 28. Ne1 a4 29. Nc2 axb3 30. axb3 Qa5 31. Qe1 Qa7 32. Bxb4 Bxb4 33. Qxb4 Bd3
34. Qc3 Be4 35. Qb2 Nd7 36. Na3 Bxb1 37. Nxb1 f6 38. Nd2 fxe5 39. dxe5 Qc7 40.
Nf3 h6 41. h4 Nc5 42. Qc3 Qa7 43. Nd4 Ne4 44. Qe3 Qa1+ 45. Kh2 Qf1 46. f3 Nf2
47. Nxe6 Qa6 48. Nc5 Nd1 49. Qd4 Qe2 50. Qxd5+ Kh8 51. Qd8+ Kh7 52. Qd3+ Qxd3
53. Nxd3 Nc3 54. f4 Kg6 55. g4 Kf7 56. Kg2 Nb5 57. Kf2 g5 58. hxg5 hxg5 59. f5
Ke7 60. Nc5 Nd4 1-0

[Event "Excaliburs-Knights"]
[Site "?"]
[Date "2001.11.29"]
[Round "?"]
[White "Sullivan, Jim"]
[Black "Balicki, Jeff"]
[Result "0-1"]
[WhiteElo "1766"]
[BlackElo "1701"]
[PlyCount "61"]
[EventDate "2001.??.??"]

1. d4 Nf6 2. c4 d6 3. Nc3 g6 4. Nf3 Bg7 5. e4 Nc6 6. g3 O-O 7. Be3 Bg4 8. Bg2
Bxf3 9. Bxf3 e5 10. d5 Nd4 11. Bxd4 exd4 12. Qxd4 Nxe4 13. Qd3 Nxc3 14. bxc3
Qf6 15. Kd2 Rae8 16. Rae1 Qd8 17. Bg2 Rxe1 18. Rxe1 Re8 19. Re4 Qd7 20. Rxe8+
Qxe8 21. Be4 Bh6+ 22. f4 Bg7 23. h4 Kf8 24. h5 b6 25. hxg6 hxg6 26. g4 g5 27.
f5 Be5 28. Qh3 Bf4+ 29. Kd3 Kg7 30. f6+ Kxf6 31. Qh6+ 0-1

[Event "Knights-Excaliburs"]
[Site "?"]
[Date "2001.11.29"]
[Round "?"]
[White "Alfonso, Ed"]
[Black "Kogan, Grig"]
[Result "0-1"]
[WhiteElo "1578"]
[BlackElo "1795"]
[PlyCount "60"]
[EventDate "2001.??.??"]

1. e4 c5 2. Nf3 d6 3. Bc4 Nf6 4. e5 dxe5 5. Nxe5 e6 6. d3 Bd6 7. Qe2 O-O 8. Nc3
a6 9. a4 Nbd7 10. Nxf7 Rxf7 11. Bxe6 b6 12. Bxf7+ Kxf7 13. Bg5 Bb7 14. Ne4 Qc7
15. Nxd6+ Qxd6 16. O-O Re8 17. Be3 Ne5 18. f3 Ng6 19. Qd2 Nd5 20. Bf2 Ngf4 21.
Bg3 Qf6 22. c4 Re2 23. Qc1 Rxg2+ 24. Kh1 Ne2 25. Kxg2 Nxc1 26. Raxc1 Ne3+ 27.
Kg1 Nxf1 28. Rxf1 Qxb2 29. Rf2 Qb1+ 30. Kg2 Qxd3 0-1

[Event "Excaliburs-Knights"]
[Site "?"]
[Date "2001.11.29"]
[Round "?"]
[White "Weitz, Ron"]
[Black "Karandiker, Shekar"]
[Result "0-1"]
[WhiteElo "1598"]
[BlackElo "1561"]
[PlyCount "83"]
[EventDate "2001.??.??"]

1. d4 Nf6 2. e3 g6 3. Bd3 d5 4. Nd2 Bg7 5. c3 a6 6. f4 e6 7. Ngf3 Nbd7 8. Ne5
c5 9. O-O c4 10. Bc2 O-O 11. Qe2 Qc7 12. Rf3 Nxe5 13. fxe5 Nd7 14. e4 Re8 15.
exd5 exd5 16. Qf2 Nf8 17. Nf1 Bg4 18. Rg3 Be6 19. Bg5 b5 20. Ne3 Qd7 21. Rf1
Ra7 22. h4 h5 23. Qf4 a5 24. Bd1 Kh7 25. Bc2 b4 26. Nd1 Rb7 27. Bf6 Bh6 28. Bg5
Bg7 29. Bb1 a4 30. cxb4 Rxb4 31. a3 Rb7 32. Rc3 Bg4 33. Bc2 Ne6 34. Qf2 Bf8 35.
Kh2 Reb8 36. Rf3 Bxf3 37. Qxf3 Nxd4 38. Qxh5+ Kg8 39. Bxg6 fxg6 40. Qxg6+ Qg7
41. Qh5 Qxe5+ 42. Bf4 0-1

[Event "Knights-Excaliburs"]
[Site "?"]
[Date "2001.11.29"]
[Round "?"]
[White "Marshall, Kevin"]
[Black "Brotsos, Jim"]
[Result "0-1"]
[WhiteElo "1339"]
[BlackElo "1531"]
[PlyCount "122"]
[EventDate "2001.??.??"]

1. d4 d5 2. c4 c6 3. Nc3 Nf6 4. Nf3 Bf5 5. e3 e6 6. Qb3 Qc7 7. Be2 Nbd7 8. Bd2
Rc8 9. Nh4 Bg6 10. Nxg6 hxg6 11. g3 Qb8 12. cxd5 exd5 13. Rc1 Bd6 14. Qc2 O-O
15. e4 dxe4 16. Nxe4 Bc7 17. Nxf6+ Nxf6 18. O-O Rfe8 19. Bc4 Re4 20. Bc3 Kf8
21. Bd3 Re6 22. Rce1 Rce8 23. Rxe6 Rxe6 24. Re1 Qe8 25. Bb4+ Kg8 26. Rxe6 Qxe6
27. Bc4 Qe4 28. Qxe4 Nxe4 29. f3 Nd6 30. Bd3 Bb6 31. Bxd6 Bxd4+ 32. Kf1 Bxb2
33. a4 a6 34. Be4 f5 35. Bb1 Kf7 36. Ba2+ Kf6 37. Ke2 b5 38. axb5 cxb5 39. Kd3
a5 40. Kc2 Bd4 41. Bc7 a4 42. Ba5 g5 43. Bc3 Bxc3 44. Kxc3 Ke5 45. Kb4 f4 46.
g4 Kd4 47. Kxb5 Ke3 48. Bd5 a3 49. Kc5 a2 50. Bxa2 Kxf3 51. h3 Kg3 52. Bd5 Kxh3
53. Bf3 Kg3 54. Bd1 f3 55. Bxf3 Kxf3 56. Kd4 Kxg4 57. Ke3 Kg3 58. Ke2 Kg2 59.
Ke1 g4 60. Ke2 g3 61. Ke1 Kh1 0-1

[Event "CCDOC-Pawns"]
[Site "?"]
[Date "2001.11.12"]
[Round "?"]
[White "Willams, Kent"]
[Black "Jakstas, K."]
[Result "1/2-1/2"]
[WhiteElo "2079"]
[BlackElo "2120"]
[PlyCount "33"]
[EventDate "2001.??.??"]

1. e4 c5 2. Nf3 a6 3. a4 Nc6 4. d4 cxd4 5. Nxd4 Nf6 6. Nc3 e5 7. Nb3 Bb4 8. Bd3
d5 9. exd5 Nxd5 10. Bd2 Nxc3 11. bxc3 Bd6 12. Qh5 g6 13. Qh6 Bf8 14. Qe3 Bg7
15. Qc5 Qe7 16. Qb6 Qd8 17. Qc5 1/2-1/2

[Event "Pawns-CCDOC"]
[Site "?"]
[Date "2001.11.12"]
[Round "?"]
[White "Ellice, Wayne"]
[Black "Seaton, Ed"]
[Result "1-0"]
[WhiteElo "1921"]
[BlackElo "1669"]
[PlyCount "67"]
[EventDate "2001.??.??"]

1. Nf3 b6 2. c4 e6 3. d4 Nf6 4. Nc3 Bb7 5. Bg5 Be7 6. e3 Nc6 7. Be2 h6 8. Bh4
d5 9. cxd5 Nxd5 10. Bxe7 Ncxe7 11. Rc1 a6 12. O-O Nf6 13. Bd3 Qd6 14. Ne5 Nc6
15. f4 Nxe5 16. fxe5 Qc6 17. Ne4 Nxe4 18. Rxc6 Bxc6 19. Qf3 O-O 20. Bxe4 Bxe4
21. Qxe4 Rac8 22. Qc6 Rfd8 23. Rd1 Rd5 24. Qb7 Rdd8 25. Qxa6 Ra8 26. Qc4 c5 27.
a3 Rd5 28. e4 Rd7 29. Qb5 Rad8 30. d5 exd5 31. Rxd5 Rxd5 32. exd5 Rxd5 33. Qxb6
Rxe5 34. Qb8+ 1-0

[Event "CCDOC-Pawns"]
[Site "?"]
[Date "2001.11.12"]
[Round "?"]
[White "Rojo, Victor"]
[Black "O'Dell, David"]
[Result "0-1"]
[WhiteElo "1503"]
[BlackElo "1471"]
[PlyCount "118"]
[EventDate "2001.??.??"]

1. e4 e5 2. Bc4 Nf6 3. Nc3 a6 4. d4 Nxe4 5. Nxe4 d5 6. dxe5 dxc4 7. Qxd8+ Kxd8
8. Bg5+ Be7 9. O-O-O+ Ke8 10. f4 Bf5 11. Bxe7 Bxe4 12. Bh4 Nc6 13. Rd2 b5 14.
Nh3 h6 15. Re1 Bf5 16. Nf2 Rg8 17. g4 g5 18. Bg3 gxf4 19. Bxf4 Bxg4 20. Bxh6
Bf5 21. h4 Rd8 22. Rxd8+ Kxd8 23. Bg5+ Kd7 24. Ne4 Bxe4 25. Rxe4 Ke6 26. Bf6
Rg6 27. h5 Rh6 28. Rh4 Nxe5 29. Bg5 Rh7 30. Bd2 Nf3 31. Re4+ Kd5 32. Re7 Rxh5
33. b3 Rh1+ 34. Kb2 Nxd2 35. Rd7+ Kc6 36. Rxd2 cxb3 37. axb3 Kb6 38. Rf2 Rh7
39. Rf6+ Ka5 40. b4+ Kxb4 41. Rxa6 Kc5 42. Rf6 Kd5 43. Rf5+ Kc6 44. Kb3 Kb6 45.
Kb4 c5+ 46. Kb3 Kc6 47. c3 Kd6 48. Ka3 b4+ 49. cxb4 cxb4+ 50. Kxb4 Ke6 51. Rf4
Ke5 52. Rf1 f5 53. Kc4 Rd7 54. Kc3 f4 55. Kc2 Ke4 56. Rd1 Rxd1 57. Kxd1 Ke3 58.
Ke1 f3 59. Kf1 f2 0-1

[Event "UOP-Kemper"]
[Site "?"]
[Date "2001.11.29"]
[Round "?"]
[White "Stevanovic, Mike"]
[Black "Leong, Gee"]
[Result "1-0"]
[WhiteElo "2229"]
[BlackElo "1989"]
[PlyCount "61"]
[EventDate "2001.??.??"]

1. Nc3 d5 2. e4 d4 3. Nce2 c5 4. Ng3 Nc6 5. Bc4 e5 6. Nf3 Nf6 7. Ng5 Be6 8.
Nxe6 fxe6 9. Bxe6 b5 10. Nh5 Nxh5 11. Qxh5+ g6 12. Qf3 Qe7 13. Bd5 Rc8 14. a3
Bg7 15. d3 Rc7 16. O-O Qd6 17. Qh3 Ne7 18. Ba2 c4 19. b3 cxd3 20. Qxd3 a6 21.
b4 Rc3 22. Qe2 Qc7 23. Bd2 Rxc2 24. Bb3 Rc6 25. a4 Qb7 26. axb5 axb5 27. Ra5
Rb6 28. Rc1 Nc8 29. Bd5 Qd7 30. Bg5 Ne7 31. Ra8+ 1-0

[Event "Kemper-UOP"]
[Site "?"]
[Date "2001.11.29"]
[Round "?"]
[White "Siwek, Mark"]
[Black "Buerger, Ed"]
[Result "1-0"]
[WhiteElo "2005"]
[BlackElo "2065"]
[PlyCount "125"]
[EventDate "2001.??.??"]

1. e4 c5 2. Nf3 Nc6 3. d4 cxd4 4. Nxd4 g6 5. Nc3 Bg7 6. Be3 Nf6 7. Nxc6 dxc6 8.
Qxd8+ Kxd8 9. O-O-O+ Ke8 10. f3 Be6 11. a3 b6 12. Ba6 Rd8 13. Bb7 Rxd1+ 14.
Rxd1 Bd7 15. g4 e6 16. Bf4 Ng8 17. Bb8 Ne7 18. Bxa7 Be5 19. Bxb6 Bxh2 20. a4 h5
21. a5 hxg4 22. fxg4 Be5 23. a6 Nc8 24. Bc5 Bb8 25. Na4 Rh4 26. Nb6 Nxb6 27.
Bxb6 Rxg4 28. Re1 f5 29. a7 Bxa7 30. Bxa7 f4 31. Rg1 Rxg1+ 32. Bxg1 e5 33. Kd2
g5 34. Bc5 Kf7 35. Ba6 g4 36. Ke2 Kf6 37. Kf2 Be6 38. c4 Bd7 39. b4 Be6 40. Bb7
Bd7 41. Bb6 Ke7 42. Bc7 Kf6 43. c5 Ke6 44. b5 cxb5 45. c6 Be8 46. Ba5 Kd6 47.
c7 g3+ 48. Kg2 Bd7 49. c8=Q Bxc8 50. Bxc8 Kc5 51. Bc7 Kd4 52. Bb7 b4 53. Bd5 b3
54. Bxb3 Kxe4 55. Bc2+ Kd4 56. Bb6+ Kd5 57. Kf3 Kc6 58. Bg1 Kd5 59. Be4+ Ke6
60. Kg4 Kf6 61. Kh5 Kf7 62. Kg5 Ke6 63. Kg6 1-0

[Event "UOP-Kemper"]
[Site "?"]
[Date "2001.11.29"]
[Round "?"]
[White "Boldingh, Ed"]
[Black "Easton, Richard"]
[Result "1-0"]
[WhiteElo "1889"]
[BlackElo "1755"]
[PlyCount "112"]
[EventDate "2001.??.??"]

1. e4 c5 2. Nf3 Nc6 3. Bb5 g6 4. O-O Bg7 5. Bxc6 bxc6 6. d3 Nf6 7. Nc3 O-O 8.
Re1 Rb8 9. Rb1 d6 10. Be3 Ng4 11. Bd2 Ne5 12. Nxe5 Bxe5 13. f4 Bd4+ 14. Kh1 f5
15. e5 Ba6 16. Na4 c4 17. c3 Bb6 18. d4 Bc7 19. Be3 Bb6 20. Bf2 Qe8 21. Qe2 d5
22. Nc5 Bc8 23. Bh4 e6 24. Qf3 Bd8 25. Qg3 Bxh4 26. Qxh4 Qd8 27. Qh6 Qe7 28.
Re3 Qg7 29. Qh4 Kf7 30. g4 fxg4 31. Qxg4 Ke7 32. Qh4+ Ke8 33. Rh3 Rf5 34. Qxh7
Qxh7 35. Rxh7 Rxf4 36. Kg2 Rf7 37. Rh6 Rg7 38. Kg3 Kf8 39. Rf1+ Rf7 40. Rxf7+
Kxf7 41. Rh8 Rxb2 42. Rxc8 Rxa2 43. Rc7+ Ke8 44. Rxc6 Ra3 45. Rxe6+ Kf7 46.
Rf6+ Kg7 47. Rf3 Ra1 48. Re3 Kf7 49. e6+ Ke7 50. Nd7 a5 51. Nb8 a4 52. Nc6+ Ke8
53. Kf2 a3 54. Rg3 Kf8 55. e7+ Kf7 56. Rf3+ Ke8 1-0

[Event "Kemper-UOP"]
[Site "?"]
[Date "2001.11.29"]
[Round "?"]
[White "Mossbridge, A."]
[Black "Lechnick, Jay"]
[Result "1-0"]
[WhiteElo "1717"]
[BlackElo "1769"]
[PlyCount "71"]
[EventDate "2001.??.??"]

1. e4 c6 2. d4 d5 3. Nc3 dxe4 4. Nxe4 Nf6 5. Nxf6+ gxf6 6. Bc4 Bf5 7. Be3 e6 8.
Ne2 Nd7 9. Nc3 Bg6 10. Qd2 Qc7 11. Ne2 O-O-O 12. Nf4 Bf5 13. Bd3 Bg6 14. Nxg6
hxg6 15. O-O-O Nb6 16. Qa5 Qb8 17. h3 Rh5 18. Qd2 Nd5 19. Kb1 Qc7 20. Be2 Rh7
21. Bf3 Qb6 22. Bxd5 cxd5 23. Bf4 Ba3 24. Qc3+ Kd7 25. Qxa3 Rh5 26. Rd3 Ke8 27.
Rhd1 g5 28. Bd2 Rc8 29. Bb4 Rh8 30. Bc5 Qc7 31. Qxa7 e5 32. Qa4+ Kd8 33. dxe5
Rb8 34. Rxd5+ Kc8 35. Bb6 Qe7 36. Qc4+ 1-0

[Event "UOP-Kemper"]
[Site "?"]
[Date "2001.11.29"]
[Round "?"]
[White "Micklich, Frank"]
[Black "Olsen, Art"]
[Result "1-0"]
[WhiteElo "1698"]
[BlackElo "1573"]
[PlyCount "37"]
[EventDate "2001.??.??"]

1. e4 e5 2. Bc4 Nf6 3. d3 c6 4. Bb3 d5 5. exd5 cxd5 6. Nf3 Bg4 7. h3 Bxf3 8.
Qxf3 Be7 9. Bg5 e4 10. Qe2 O-O 11. Nd2 exd3 12. Qxd3 Re8 13. O-O d4 14. Nf3 Nc6
15. Rad1 Nd5 16. Qf5 Ncb4 17. a3 Bxg5 18. Nxg5 g6 19. Qxf7+ 1-0